Petit bac : vêtements - Statistiques

Statistiques générales
  • Ce quiz a été pris 302 fois
  • Le résultat moyen est 13 sur 25
Statistiques - réponses
Lettre Vêtement % Correct
C cabaille / caban / cache-cœur / cache-col / cache-cou / cache-nez / cache-oreilles / cache-poussière / cache-seins / cache-tétons / caftan / cagoule / calamanco / calbar / calbut / calcif / cale / chevillère / chino / cale / chiquenotte / chiton / chlamyde / choli / chopine / chorte / choukkara / chuba / churidar / chylaat / cilice / cloak / coachman / cœur croisé / col / caleçon / calefouette / caline / calobre / caloquet / camisole / caouk / capa / canadienne / cape / capiche / capingot / capot / capote / cappa magna / capri / capuche / capuchon / caraco / cardigan / carmagnole / casaque / casaquin / casimir / cat suit / ceinture / cendrinette / châle / chalwar / chamarre / chandail / chape / charivari / chasuble / chaudron / chaussette / chèche / chemise / chemisier / chérusque / colobe / coltin / combi / combinaison / combinette / combishort / complet / comète / coque / corsaire / corselet / corset / costard / costume / coton / coude / couèche / coupe-vent / courpentière / couvre / cover-coat / cramignole / cravate / cravetouse / crêpe / crinoline / crocote / crop top / cuissard / cuissettes / culotte / culottin / cut away / claquette / chaperon / czamara / cargo / corsage / casquette / casque
98%
B baconnet / baggy / bahutte / baigneuse / balconnet / barboteuse / barfoul / barlak / bas / bas jarret / bas-collant / bas-culotte / basque / bassat / bechmet / bedaya / begen / bergopzoom / bermuda / biaude / bikini / blanchet / blaude / blazer / bleu / bliaut / bloomer / bloum / blouse / blouson / body / boléro / bomber / bonnet / bonneterie / boot / botte / bottine / boubou / bougrine / bourgeron / bourka / boxer / bralette / brandebourg / braie / brassière / bredzon / brelau / brousetout / broussetout / bubu / bunad / burkini / burnoud / burqa / bustier / bavolet / bénard / bermudas / ballerine
94%
M macfarlane / mackintosh / maheurte / maillot/ mdemma / megging / menton / mi-bas / micro-jupe / micro-short / manche / manchette / manchon / mandille / maneg / manille / mankini / mante / microkini / microrobe / microshort / mini-jupe / mini-short / minikini / minimiseur / mitaine / manteau / marcel / marinière / marlotte / marquis / masque / maxi / mitasse / moleskine / monokini / molière / mouchoir / moufle / moule / moumouté
93%
J jacque / jammer / jaquette / jarretière / jean / jegging / jelbab / jellaba / jeté / jibula / jilbab / jilbeb / jockstrap / jodhpurs / jogging / journade / judogi / jugulaire / jupe / jupette / jupelle / jupon / justaucorps / jabot
90%
P pagne / paillasson / palatine / pantalon / palazzo / paletoque / paletot / pantacourt / panty / papak / papakha / pardessus / paréo / pareu / parka / patagium / passe / pattes d’éléphant / pattes d’eph / peignoir / pèlerine / pelisse / penekini / péplos / péplum / perfecto / philibeg / pièce / plastron / plaude / polar / polo / pokalem / pourpoint / porte-Jarretelle / prêt-à-porter / protège / pull / pullover / pyjama / push-up
88%
S sablah / sabot / sagum / saharienne / saie / salopette / salouva / salwar / sarafane / sarape / sari / sarica / sarma / sarouel / sarrau / saryk / saya / sculptant / saturne / secrète / scalvonien / safseri / selham / serape / serre-taille / shama / sherwani / shetland / short / shirt / shorty / simarre / singlet / slibar / slim / slip / smoking / snood / socquette / sortie / souris / sous / soutane / soutif / stikini / string / surbotte / surchaussette / surchemise / surcit / suroit / surpantalon / surpied / survêtement / sweatshirt / surplis
83%
T t-shirt / tee-shirt / tabard / tabi / tablier / tailleur / talma / talonnette / tanga / tapa / tankini / tapa / tassakravi / tchadri / templette / tenue / tholia / théristre / toge / top / touloupa / touloupe / tour / tournante / training / tregging / treillis / trench / tribon / tricot / trikini / trois / tunique / tunisien / tongue / tunicelle / tutu / twine / tuxedo
78%
E écharpe / en bataille / en colonne / épendyte / épitoge / esquimau / étole / ensemble / espadrille / escarpin /
75%
G garbadine / gainant / gaine / galetier / galurin / gaminet / gandoura / gant / garçonne / gigoteuse / gilet / colf / godebert / gougne / gourgandine / grègue / grenouillère / guêpière / guêtre / gueustri / guimpe
71%
V vareuse / veste / vertugade / veston / vêtement / vitchoura / voile
67%
R robe / raffuster / raglan / redingotard / redingote / redresse-sein / redingote / régate / rhéno / riquimpette / rochet / roque / roulière / roupe / ruana / rabat
63%
D dashiki / débardeur / daumière / demi / dessous / deux-pièces / djellaba / djilbab / djilbeb / dobok / doliman / dolman / dorsay / dos nu / doudoune / devanteau / dhoti / dichdacha / djelbab / douilette / duffel-coat / dupatta /
56%
K k-way / kabic / kamis / kangourou / kaross / kazabaïka / keikoji / khalat / kilt / kigurumi / kimono / kipa / knicker / kolomo / krama / kurta
56%
F face-kini / faradja / faradjiya / fascia / fatkini / feredja / feutre / fibule / fil à fil / fiocchi / fixe-chaussettes / flottard / follette / fourche / fourrure / fraise / fraisette / frileuse / fringue / frison / froc / frontière / froque / frusques / fursuit / fuseau / fut / foulard / fédora
49%
A aba / abacost / abadá / abaya / abolla / abrok / affublement / alburno / amauti / amict / ampli / andrienne / angusticlave / anorak / ao dai / armiak / ascot / aube / abaï / auto-coat / aube / arlequin / armure / accessoire
47%
L laçure / ladrine / lainette / lamba / lange / lardeus / lardeuss / lardeuse / lardosse / largeot / lava-lava / lavage / lavalière / lébéton / lederhose / legging / léotard / lessive / lévite / lévitonaire / limouille / limousine / linge / lingerie / liquette / liseuse / litham / lodier / lunettes
45%
H habit / habitronique / haïck / haïk / hijab / himaton / homewear / hood / hakama / hanfy / happi / hardes / haut-de-chausses / haut-de-forme / heaume / hoodie / houppelande / housseau / housette / huipil / huque / haut / harnais / housse / hallebarde / housse
37%
N négligé / nidange / nippe / niqab / nœud pap / norfolk / nuisette
30%
I imperméable / immettable / imper / izar
22%
U uniforme / ulster / ushankas
8%
Q qamis / qipao / queue de morue / queue de pie
7%
O obi / oreillette / orfroi / overall
5%
Y yachmak / yashmac / yukata
3%
W wetsuit / wingsuit / wonderbra / wonderslip
2%
Z zamarra / zentai / zone
1%
Aucun quiz correspondant
Distribution des résultats
% des personnes avec chaque résultat
Percentile par nombre de réponses
Votre historique - résultats
Vous n’avez pas pris ce quiz